近畿地方の市町村 - Statistics

General Stats
  • This quiz has been taken 330 times
  • The average score is 143 of 227
Answer Stats
都道府県名 市町村名 % Correct
三重 津市
95%
京都 京都市
93%
三重 四日市市
92%
三重 伊勢市
92%
滋賀 大津市
92%
大阪 大阪市
91%
滋賀 草津市
89%
大阪 堺市
89%
京都 宇治市
88%
大阪 東大阪市
87%
兵庫 神戸市
87%
三重 松阪市
86%
滋賀 米原市
86%
奈良 奈良市
86%
三重 桑名市
85%
三重 鈴鹿市
85%
三重 志摩市
85%
京都 長岡京市
85%
兵庫 姫路市
85%
和歌山 和歌山市
85%
滋賀 長浜市
84%
京都 福知山市
84%
三重 伊賀市
83%
京都 舞鶴市
83%
京都 亀岡市
83%
京都 京丹後市
83%
大阪 高槻市
83%
兵庫 尼崎市
83%
兵庫 明石市
83%
兵庫 西宮市
83%
滋賀 彦根市
82%
滋賀 近江八幡市
82%
大阪 豊中市
82%
大阪 吹田市
82%
三重 鳥羽市
81%
大阪 枚方市
81%
大阪 泉佐野市
81%
兵庫 芦屋市
81%
三重 尾鷲市
80%
滋賀 甲賀市
80%
大阪 寝屋川市
80%
兵庫 加古川市
80%
兵庫 宝塚市
80%
兵庫 丹波篠山市
80%
大阪 茨木市
79%
兵庫 豊岡市
79%
奈良 橿原市
79%
和歌山 田辺市
79%
京都 宮津市
78%
京都 京田辺市
78%
京都 木津川市
78%
和歌山 橋本市
78%
三重 名張市
77%
三重 熊野市
77%
滋賀 高島市
77%
大阪 八尾市
77%
大阪 河内長野市
77%
奈良 生駒市
77%
和歌山 白浜町
77%
三重 亀山市
76%
京都 綾部市
76%
大阪 池田市
76%
兵庫 相生市
76%
兵庫 三田市
76%
奈良 大和郡山市
76%
和歌山 新宮市
76%
滋賀 野洲市
75%
滋賀 東近江市
75%
京都 向日市
75%
京都 南丹市
75%
大阪 和泉市
75%
兵庫 赤穂市
75%
奈良 天理市
75%
大阪 岸和田市
74%
大阪 泉大津市
74%
大阪 守口市
74%
大阪 門真市
74%
大阪 摂津市
74%
大阪 泉南市
74%
大阪 千早赤阪村
74%
兵庫 伊丹市
74%
兵庫 南あわじ市
74%
和歌山 御坊市
74%
大阪 阪南市
73%
奈良 大和高田市
73%
滋賀 守山市
72%
兵庫 丹波市
72%
奈良 五條市
72%
奈良 十津川村
72%
滋賀 栗東市
71%
大阪 富田林市
71%
大阪 箕面市
71%
大阪 四條畷市
71%
大阪 能勢町
71%
兵庫 淡路市
71%
大阪 柏原市
70%
大阪 岬町
70%
大阪 大阪狭山市
69%
兵庫 洲本市
69%
和歌山 串本町
69%
京都 城陽市
68%
大阪 松原市
68%
大阪 大東市
68%
大阪 交野市
68%
兵庫 川西市
68%
兵庫 加西市
68%
兵庫 新温泉町
68%
奈良 桜井市
68%
和歌山 紀の川市
68%
兵庫 加東市
67%
三重 いなべ市
66%
大阪 豊能町
66%
兵庫 三木市
66%
兵庫 たつの市
66%
奈良 吉野町
66%
和歌山 海南市
66%
和歌山 有田市
66%
和歌山 岩出市
66%
京都 八幡市
65%
大阪 貝塚市
65%
滋賀 湖南市
64%
京都 大山崎町
64%
京都 京丹波町
63%
大阪 高石市
63%
兵庫 高砂市
62%
兵庫 朝来市
62%
兵庫 播磨町
62%
三重 南伊勢町
61%
大阪 羽曳野市
61%
大阪 藤井寺市
61%
兵庫 西脇市
61%
奈良 王寺町
61%
和歌山 那智勝浦町
61%
大阪 島本町
60%
兵庫 養父市
60%
奈良 御所市
60%
奈良 宇陀市
60%
和歌山 北山村
60%
兵庫 上郡町
59%
奈良 明日香村
59%
奈良 上北山村
59%
京都 南山城村
58%
大阪 熊取町
58%
兵庫 宍粟市
58%
京都 精華町
57%
和歌山 有田川町
57%
滋賀 愛荘町
56%
大阪 田尻町
56%
兵庫 | 大阪 太子町
56%
奈良 香芝市
56%
奈良 下北山村
56%
和歌山 高野町
56%
京都 伊根町
55%
京都 与謝野町
55%
兵庫 小野市
55%
兵庫 佐用町
55%
滋賀 多賀町
54%
京都 宇治田原町
54%
奈良 斑鳩町
54%
三重 菰野町
53%
三重 川越町
53%
和歌山 すさみ町
53%
三重 東員町
52%
三重 紀北町
51%
三重 紀宝町
51%
和歌山 太地町
51%
三重 木曽岬町
50%
三重 朝日町
50%
三重 大台町
50%
奈良 葛城市
50%
滋賀 竜王町
49%
京都 笠置町
49%
大阪 忠岡町
49%
大阪 河南町
49%
奈良 田原本町
49%
三重 多気町
48%
京都 久御山町
48%
奈良 野迫川村
48%
兵庫 福崎町
47%
兵庫 香美町
47%
和歌山 かつらぎ町
47%
滋賀 日野町
46%
兵庫 猪名川町
46%
奈良 東吉野村
46%
和歌山 湯浅町
45%
和歌山 九度山町
44%
三重 度会町
43%
京都 和束町
43%
兵庫 稲美町
43%
奈良 天川村
43%
和歌山 みなべ町
43%
滋賀 豊郷町
41%
奈良 曽爾村
41%
和歌山 日高川町
41%
滋賀 甲良町
40%
京都 井手町
40%
奈良 平群町
40%
三重 明和町
39%
和歌山 古座川町
39%
和歌山 印南町
38%
奈良 山添村
37%
奈良 安堵町
37%
和歌山 美浜町
37%
三重 大紀町
36%
和歌山 紀美野町
36%
和歌山 由良町
36%
兵庫 市川町
35%
奈良 三郷町
35%
奈良 黒滝村
35%
和歌山 広川町
35%
和歌山 日高町
35%
兵庫 多可町
34%
奈良 御杖村
34%
三重 玉城町
33%
三重 御浜町
32%
兵庫 神河町
32%
和歌山 上富田町
32%
奈良 三宅町
30%
奈良 大淀町
30%
奈良 下市町
30%
奈良 広陵町
29%
奈良 川上村
29%
奈良 川西町
28%
奈良 河合町
28%
奈良 高取町
26%
奈良 上牧町
22%
No matching quizzes found
Score Distribution
Percent of People with Each Score
Percentile by Number Answered
Your Score History
You have not taken this quiz